| 000 | 00993cam a2200313 4500 | ||
|---|---|---|---|
| 999 |
_c23211 _d23211 |
||
| 001 | vtls011894773 | ||
| 005 | 20220426133205.0 | ||
| 008 | 210624s2019 xo er 000 f slo | ||
| 020 |
_a9788055169866 _q(viazané) |
||
| 035 | _aurn:nbn:sk:snk-am00ed4n | ||
| 035 | _aurn:nbn:sk:snk-am3iggf | ||
| 035 | _a68E743AB-0467-421E-9643-192A5EF8B1E1 | ||
| 040 |
_aTTKJF _bslo _cTTKJF _dSNK _erda |
||
| 041 | 0 | _aslo | |
| 044 |
_axo _cSK |
||
| 072 | 7 |
_a821.162.4-3 _xSlovenská próza _2konspekt |
|
| 080 |
_a821.162.4-31 _22011 |
||
| 100 | 1 |
_aMacháčová, Adriana, _d1966- _4aut _92399 |
|
| 245 | 1 | 0 |
_aČo má ona a ja nie? _cAdriana Macháčová |
| 264 | 1 |
_aBratislava _bIkar _c2019 |
|
| 300 |
_a276 strán _c21 cm |
||
| 336 |
_atext _btxt _2rdacontent |
||
| 337 |
_abez média _bn _2rdamedia |
||
| 338 |
_azväzok _bnc _2rdacarrier |
||
| 500 | _aObsahuje biografické údaje o autorke | ||
| 655 | 7 |
_aslovenské romány _2SNKPH _91694 |
|
| 655 | 7 |
_aSlovak fiction _2SNKPHeng _91695 |
|
| 958 | _aLX | ||